| 000 | 00765nam a2200241Ia 4500 | ||
|---|---|---|---|
| 003 | GCL | ||
| 008 | 140319s9999 xx 000 0 ara d | ||
| 020 | _a5405327977 | ||
| 040 |
_aGCL / _cGCL |
||
| 082 | 0 | 4 |
_a780.1 _bب ف |
| 100 | 1 | _aفؤاد زكريا | |
| 245 | 1 | 0 |
_aالفيلسوف وفن الموسيقى / _cفؤاد زكريا |
| 700 | 1 | _aبورتنوى, جوليوس | |
| 250 | _aالاولى | ||
| 260 |
_aالقاهرة : _bدار الوفاء لدنيا الطباعة والنشر |
||
| 300 |
_a335 ص ؛ _c25 سم |
||
| 650 | 0 | 4 | _aالموسيقى |
| 650 | 0 | 4 | _aالفلاسفة |
| 650 | 0 | 4 | _aالتذوق الموسيقى |
| 650 | 0 | 4 | _aالموسيقى - تاريخ ونقد |
| 650 | 0 | 4 | _aالموسيقى - فلسفة |
| 942 |
_2ddc _cBK |
||
| 999 |
_c6290 _d6290 |
||